歡樂三國志 : 皇帝,快跑! . 1

資料類型: CD 光碟   書目號:36163

Leader xxxxxxxxxx
001 __ PCLIS00036163
005 __ 20220701144338.0
010 0_ |b盒裝|dNT$199
019 __ |a4717065000215|2EAN
100 __ |a20060510g20002001em y0chiy09      e
101 0_ |achi
102 __ |atw
105 __ |aab  z   000zy
126 __ |aagbzhxxa     cd|bbex
200 1_ |a歡樂三國志|b錄音資料|h1|e皇帝,快跑!|f侯文詠,蔡康永開講
204 0_ |a錄音資料
205 __ |a初版
210 __ |a臺北市|c平安有聲出版品|d2000[民89]
215 0_ |a2張雷射唱片|c數位, 立體聲|d4 3/4吋|e1冊小冊子(31面)|e2張英雄珍藏卡
225 1_ |a平安有聲書|v三0001
300 __ |a技術細節註: CD
300 __ |a附件珍藏卡遺失(2022/7/1)
301 __ |a4717065000215
306 __ |a2005年8刷
517 1_ |a皇帝,快跑!|zchi
606 __ |2csh|a章回小說|x歷史與批評|z三國
681 __ |a857.4523|b8966 N.1:1-N.1:2
700 _1 |a|b文詠|4701 _1 |a|b康永|4801 _0 |atw|b內湖高中|c20060510|gCCR
詳細館藏 1-2 筆 (共 2 筆)
索 書 號登 錄 號冊次號館別 / 館藏地流通類型狀態加入預約清單電子資源
857.4523 / 8966 1015462 N.1:1 圖書館 / 一樓視聽區(請向館員洽借) 可外借30天 在館   
857.4523 / 8966 1015462A N.1:2 圖書館 / 一樓視聽區(請向館員洽借) 可外借30天 在館   

| 條列資料




目錄查詢 分類查詢 個人資料 圖書薦購 新書查詢 閉館日 排行榜 更多電子資源 Hami書城 線上資料庫 登出

From : 216.73.217.52

  本日流通累計至 20:37:42 借閱 : 0 次 續借 : 0 次 歸還 : 0 次 預約 : 0 次 電子資源 : 0 次


內湖高中圖書館  PCLIS 版本  26.5.0.12